Report of the Expert Committee on Legal Aid: processual justice to the people (Record no. 491211)

000 -LEADER
fixed length control field 00534cam a22001457a 4500
008 - FIXED-LENGTH DATA ELEMENTS--GENERAL INFORMATION
fixed length control field 180718b1973 xxu||||| |||| 00| 0 eng d
082 ## - DEWEY DECIMAL CLASSIFICATION NUMBER
Classification number H6x54 In2
100 ## - MAIN ENTRY--PERSONAL NAME
Personal name India. Expert Committee on Legal Aid
245 ## - TITLE STATEMENT
Title Report of the Expert Committee on Legal Aid: processual justice to the people
Statement of responsibility, etc. by Department of Legal Affairs
260 ## - PUBLICATION, DISTRIBUTION, ETC.
Place of publication, distribution, etc. Delhi
Name of publisher, distributor, etc. Department of Legal Affairs
Date of publication, distribution, etc. 1973
300 ## - PHYSICAL DESCRIPTION
Extent 275+p
500 ## - GENERAL NOTE
General note Chairman: V.R. Krishna Iyer
700 ## - ADDED ENTRY--PERSONAL NAME
Personal name Iyer, V.R. Krishna (Chairman)
700 ## - ADDED ENTRY--PERSONAL NAME
Personal name India. Department of Legal Affairs
Holdings
Withdrawn status Lost status Damaged status Not for loan Permanent Location Current Location Date acquired Full call number Barcode Date last seen Price effective from Koha item type
        Indian Institute of Public Administration Indian Institute of Public Administration 2018-08-04 H6x54 In2 GG14645 2018-08-04 2018-08-04 GG
        Indian Institute of Public Administration Indian Institute of Public Administration 2018-08-04 H6x54 In2 GG14099 2018-08-04 2018-08-04 GG

Powered by Koha